000 00673nam a2200205Ia 4500
003 OSt
005 20230511150242.0
008 210423s1990 xx 000 0 und d
040 _cAL
041 _aeng
082 _a338.954
_223
_bESWW
100 _aESWARANAND KOTWAL (Ashok)
_9103518
245 _aWhy poverty persists in india
_bAnalytical frame work for understanding the indian economy
260 _aKottaym
_bOxford University Press
_c1990
365 _b85
_cINR
650 _aEconomics
_9103519
650 _aIndian Economy
_9103520
906 _aAnalytical ; economy ; frame ; india ; indian ; persists ; poverty ; understanding ; Why ; work
942 _2ddc
_cBK
999 _c172029
_d172029